| 000 | 00479nam a2200145Ia 4500 | ||
|---|---|---|---|
| 008 | 210430s9999 xx 000 0 und d | ||
| 082 | _a660 H657 B | ||
| 100 | _aHimmelblau, David M. | ||
| 245 |
_aBasic principles and calculations in chemical engineering / _cHimmelblau, David M. |
||
| 250 | _a6th edition | ||
| 260 |
_a[S.l.] : _bPrentice Hall, _c2003 |
||
| 300 | _a1072 p. ; | ||
| 856 | _uhttp://www.amazon.com/exec/obidos/ASIN/0131406345/chopaconline-20 | ||
| 942 |
_cBK _2ddc |
||
| 999 |
_c563508 _d563508 |
||